000 00917nam a2200265 a 4500
001 19333
003 BD-RjUL
005 20211209000422.0
008 140224t1956 mnu 000 0 eng
035 _a(BD-RjUL)19392
040 _aDLC
_cDLC
_dBTCTA
_dBOP
_dBD-RjUL
_beng
041 _aeng
082 0 4 _a349.979102
_bARA 1956
110 1 _aArizona.
_9167363
245 1 0 _aArizona revised statutes annotated :
_bprepared under legislative authority, Laws 1956, chapter 129 /
260 _aSt. Paul :
_bWest Group,
_c1956.
300 _aV. ;
_c27 cm.
505 0 _aVol. 9 Title : 25. Marital and Domestic Relation 26. Military Affairs and civil 27 . Minerals, oil and gas 28. Motor Vehicles -- v. 10 --
650 0 _aLaw
_zArizona.
_959458
710 2 _aWest Group.
_959459
710 2 _aWest Publishing Company.
_959460
740 0 _aArizona legislative service.
942 _2ddc
_cBK
999 _c19333
_d19333